<?xml version="1.0" encoding="UTF-8"?>
<record
    xmlns:xsi="http://www.w3.org/2001/XMLSchema-instance"
    xsi:schemaLocation="http://www.loc.gov/MARC21/slim http://www.loc.gov/standards/marcxml/schema/MARC21slim.xsd"
    xmlns="http://www.loc.gov/MARC21/slim">

  <leader>02792nab a2200253uuc4500</leader>
  <controlfield tag="001">1237924</controlfield>
  <controlfield tag="005">20240223085637.0</controlfield>
  <controlfield tag="008">110407e20101001                    spa  </controlfield>
  <datafield tag="035" ind1=" " ind2=" ">
    <subfield code="a">1237924</subfield>
  </datafield>
  <datafield tag="035" ind1=" " ind2=" ">
    <subfield code="a">(OCoLC)820581361</subfield>
  </datafield>
  <datafield tag="040" ind1=" " ind2=" ">
    <subfield code="c">comduadb</subfield>
  </datafield>
  <datafield tag="041" ind1=" " ind2=" ">
    <subfield code="a">spa</subfield>
  </datafield>
  <datafield tag="100" ind1="1" ind2="0">
    <subfield code="a">Lancheros Paez, Lilia</subfield>
    <subfield code="4">aut</subfield>
    <subfield code="e">aut</subfield>
    <subfield code="9">358319</subfield>
  </datafield>
  <datafield tag="245" ind1="1" ind2="0">
    <subfield code="a">Identificaci&#xF3;n de la adherencia al tratamiento nutricional aplicando el modelo de conocimientos, actitudes y pr&#xE1;cticas en un grupo de personas con diabetes mellitus tipo 2 atendidas en la Asociaci&#xF3;n Colombiana de Diabetes</subfield>
  </datafield>
  <datafield tag="520" ind1="3" ind2=" ">
    <subfield code="a">Introducci&#xF3;n: el tratamiento nutricional es uno de los pilares en el manejo de la diabetes; sin embargo se reportan bajos niveles de adherencia, constituyendo una dificultad importante para el alcance de las metas metab&#xF3;licas. Objetivo: identificar la adherencia al tratamiento nutricional en un grupo de personas con Diabetes Mellitus tipo 2, aplicando el modelo de Conocimientos, Actitudes y Pr&#xE1;cticas. Material y m&#xE9;todos: estudio descriptivo transversal realizado con un grupo de personas con Diabetes Mellitus tipo 2 afiliados a la Asociaci&#xF3;n Colombiana de Diabetes, en quienes se evaluaron conocimientos, actitudes y pr&#xE1;cticas acerca del tratamiento y se relacionaron con el consumo de calor&#xED;as y macronutrientes. Los datos se analizaron aplicando estad&#xED;stica descriptiva, prueba de correlaci&#xF3;n interna, chi cuadrado y prueba exacta de Fisher. Resultados: no hubo adherencia completa a las recomendaciones nutricionales, el 30% de los participantes se adhiri&#xF3; a la prescripci&#xF3;n de calor&#xED;as, 13% a la de carbohidratos, 23% a la de grasa y 3% a la de prote&#xED;na. Los conocimientos sobre la enfermedad fueron suficientes, pero los relacionados con el intercambio de alimentos no lo fueron; se encontraron actitudes positivas en la mayor&#xED;a de los participantes y menos de la mitad refiri&#xF3; pr&#xE1;cticas adecuadas. Discusi&#xF3;n y conclusiones: la relaci&#xF3;n entre conocimientos, actitudes y pr&#xE1;cticas con la adherencia no fue estad&#xED;sticamente significativa, sin embargo, la correlaci&#xF3;n entre conocimientos (p = 0,057) y practicas (p=0,053) fueron las de mayor valor. Debido a que la adherencia es un fen&#xF3;meno m&#xFA;ltiple y complejo que implica diversidad de conductas, es importante seguir
explorando metodolog&#xED;as para identificar las variables que la condicionan.</subfield>
  </datafield>
  <datafield tag="650" ind1=" " ind2="7">
    <subfield code="a">Diabetes mellitus tipo 2</subfield>
    <subfield code="2">dcs</subfield>
    <subfield code="9">133780</subfield>
  </datafield>
  <datafield tag="650" ind1=" " ind2=" ">
    <subfield code="a">Conocimientos, actitudes y pr&#xE1;cticas</subfield>
    <subfield code="9">50789</subfield>
  </datafield>
  <datafield tag="650" ind1=" " ind2=" ">
    <subfield code="a">Adherencia</subfield>
    <subfield code="9">10404</subfield>
  </datafield>
  <datafield tag="650" ind1=" " ind2=" ">
    <subfield code="a">Aspectos nutricionales</subfield>
    <subfield code="9">154692</subfield>
  </datafield>
  <datafield tag="700" ind1="1" ind2="0">
    <subfield code="a">Pava C&#xE1;rdenas, Alexandra</subfield>
    <subfield code="4">aut</subfield>
    <subfield code="e">aut</subfield>
    <subfield code="9">615367</subfield>
  </datafield>
  <datafield tag="700" ind1="1" ind2="0">
    <subfield code="a">Boh&#xF3;rquez Poveda, A.</subfield>
    <subfield code="4">aut</subfield>
    <subfield code="e">aut</subfield>
    <subfield code="9">615368</subfield>
  </datafield>
  <datafield tag="773" ind1="0" ind2=" ">
    <subfield code="t">Diaeta (Buenos Aires)</subfield>
    <subfield code="g">Vol. 28, No. 133, Oct.-Dic. 2010, p. 17-23</subfield>
    <subfield code="w">343105</subfield>
    <subfield code="x">0328-1310</subfield>
    <subfield code="0">112367</subfield>
  </datafield>
  <datafield tag="942" ind1=" " ind2=" ">
    <subfield code="c">ARIMP</subfield>
  </datafield>
  <datafield tag="999" ind1=" " ind2=" ">
    <subfield code="c">573642</subfield>
    <subfield code="d">573642</subfield>
  </datafield>
</record>
